000 00716nam a22002057a 4500
005 20240311113114.0
008 090826t xxu||||| |||| 00| 0 eng d
010 _aENG-139606
020 _a9788193488607
_c3000.00
035 _aEN-123138
037 _bDBAD/PUB
082 _a366.10954
100 _aSriram V.
_963004
245 _aBrotherhood & Benevolence/
_bThe History of English Freemasonry In South India:
260 _bT A Devgnanam
_aMadras
_c2017
270 _aThe District Grand Lodge of Madras
_bMadras
300 _a290:p.
_c29cm(hb)
700 _aBhatt, Karthik A
_963005
942 _2ddc
_cEN
_h366.10954
_mSRI
999 _c201336
_d201336